English Counties by Population - Statistics

General Stats
  • This quiz has been taken 61 times
  • The average score is 24 of 48
Answer Stats
Population Hint Answer % Correct
8,855,333 G Greater London
100%
2,911,744 G Greater Manchester
83%
2,953,816 W West Midlands
83%
2,378,148 W West Yorkshire
83%
1,232,660 D Devon
78%
1,875,893 K Kent
78%
1,877,301 E Essex
74%
1,877,917 H Hampshire
70%
1,550,490 L Lancashire
70%
1,172,860 N North Yorkshire
65%
1,392,105 S South Yorkshire
65%
1,141,795 T Tyne and Wear
65%
1,204,588 H Hertfordshire
61%
1,095,554 L Leicestershire
61%
1,442,081 M Merseyside
61%
1,163,335 N Nottinghamshire
61%
1,108,765 C Cheshire
57%
1,066,954 D Derbyshire
57%
947,174 G Gloucestershire
57%
925,299 N Norfolk
57%
1,146,249 S Staffordshire
57%
1,214,540 S Surrey
57%
1,103,320 L Lincolnshire
52%
892,336 W West Sussex
52%
906,814 C Cambridgeshire
48%
738,276 O Oxfordshire
48%
958,803 B Berkshire
43%
577,694 C Cornwall
43%
188,719 H Herefordshire
43%
140,794 I Isle of Wight
43%
41,151 R Rutland
43%
828,685 E East Sussex
39%
324,362 N Northumberland
39%
516,049 S Shropshire
39%
991,615 S Somerset
39%
479,024 B Bristol
35%
503,033 C Cumbria
35%
607,604 W Warwickshire
35%
609,216 W Worcestershire
35%
715,940 B Bedfordshire
30%
852,589 B Buckinghamshire
30%
10,847 C City of London
30%
792,421 N Northamptonshire
30%
872,075 C County Durham
26%
785,172 D Dorset
26%
615,161 E East Riding of Yorkshire
26%
768,555 S Suffolk
26%
751,542 W Wiltshire
13%
No matching quizzes found
Score Distribution
Percent of People with Each Score
Percentile by Number Answered
Your Score History
You have not taken this quiz